000 00353pab a2200157 454500
008 180718b2000 xxu||||| |||| 00| 0 eng d
100 _aPandey, Alok Kumar
245 _aWomen in animal husbandry
260 _c2000
300 _ap.6-9
362 _aMay
650 _aWomen
700 _aDevi, Bijubala
773 _aSocial Welfare
909 _a44722
999 _c44722
_d44722